000 02096nam0a2200313 4500
001 RU\NLR\bibl\850475
005 20260405091428.0
010 _a5-7765-0389-2
_9100
021 _aRU
_b2005-24757
_91253
035 _a(NLR Aleph) 000839226
090 _a1409799
_c1409799
100 _a20051008d2005 |||y0rusy50 ca
101 0 _arus
102 _aRU
105 _aa |||||||||
200 1 _aТеоретические основы сборки самолета
_eучебное пособие для студентов высших учебных заведений, обучающихся по направлению подготовки дипломированных специалистов 160200 "Авиастроение" и специальности 160201 "Самолето-и вертолетостроение"
_fР.И. Гусева, А.В. Вялов
_gМ-во образования и науки Рос. Федерации, Федер. агентство по образованию, Гос. образоват. учреждение высш. проф. образования "Комсомольский-на Амуре гос. техн. ун-т"
210 _aКомсомольск-на-Амуре
_cКомсомольский-на Амуре государственный технический университет"
_d2005
215 _a96 с.
_cил.
_d20
300 _aНа 3-й с. обл. авт.: Гусева Р.И., к.т.н., проф., Вялов А.В., к.т.н., доц.
320 _aБиблиогр.: с. 96 (10 назв.)
606 0 _aСамолеты
_jУчебные издания для высших учебных заведений
_xСборка
_91472467
_3RU\NLR\auth\66625663
686 _aО53-060.8я73-1
700 1 _4070
_7ca
_8rus
_aГусева
_bР. И.
_cканд. техн. наук
_gРоза Ивановна
_915828
_3RU\NLR\auth\7732820
701 1 _aВялов
_bА. В.
_gАлександр Вениаминович
_4070
801 0 _aRU
_bNLR
_c20040114
_gPSBO
801 1 _aRU
_bNLR
_c20040114
942 _cBOOK
980 _aNB